|
|
|
|
| LEADER |
00000nam a2200000 4500 |
| 001 |
vtls012130268 |
| 003 |
SK-MaSNL |
| 005 |
20260301055403.0 |
| 008 |
220407s1558 it f 010 0 lat |
| 015 |
|
|
|a SNBHFA
|
| 040 |
|
|
|a SNKHF
|b slo
|c SNKHF
|e rda
|
| 041 |
0 |
|
|a lat
|
| 044 |
|
|
|a it
|c IT
|
| 072 |
|
7 |
|a 2
|x Náboženstvo
|2 konspekt
|
| 080 |
|
|
|a 2-423.44
|2 2011
|
| 080 |
|
|
|a 123.1
|2 2011
|
| 100 |
1 |
|
|a Capella, Giovanni Maria,
|d 1520 - 1585
|4 aut
|9 368908
|
| 245 |
1 |
0 |
|a Opvscvlvm De Concordia, Perfecte Libertatis Hvmanae, Cum immutabilitate diuine cognitionis diuin[a]eq[ue] volu[n]tatis, ex Diuinis Scripturis decerptu[m]: Labore R.P. Fr. Ioa[n]. Mari[a]e, Ordinis Seruorum Obseruantium, Beate Mariae semper Virginis. Nunc residentis in Coventu Servorum Veneciarum
|
| 264 |
|
3 |
|a Venezia In vico sanctae Mariae formosae
|b ad signum Spei
|c 1558
|
| 300 |
|
|
|a 73 listov, 1 nečíslovaný list
|c 8°
|
| 336 |
|
|
|a text
|b txt
|2 rdacontent
|
| 337 |
|
|
|a bez média
|b n
|2 rdamedia
|
| 338 |
|
|
|a zväzok
|b nc
|2 rdacarrier
|
| 500 |
|
|
|a Vinety, iniciálky v rámčeku na 6 riadkov, iniciálky na 2 riadky
|
| 501 |
|
|
|a Príväzok 1.k: VERRATI, Giovanni Maria. [De gratia, et libero arbitrio]. Venetiis: Ad Signvm Spei, 1546. 8°.
|5 SNK ID 98700
|
| 504 |
|
|
|a Kustody
|
| 546 |
|
|
|a Latinčina
|b Kurzíva
|
| 650 |
0 |
7 |
|a determinizmus
|2 SNKPH
|9 49846
|
| 650 |
0 |
7 |
|a slobodná vôľa
|2 SNKPH
|9 30118
|
| 710 |
1 |
|
|a Al segno della Speranza (Benátky, Taliansko),
|d 1544-1588
|4 prt
|9 179039
|
| 752 |
|
|
|a Taliansko
|d Benátky
|
| 852 |
|
|
|a snk
|h ID 98700/prív.1
|
| 958 |
|
|
|a DA
|
| 958 |
|
|
|a ONDV
|
| 999 |
|
|
|c 613257
|d 615187
|
| 952 |
|
|
|t Tlače 16. storočia
|a SNK
|b SNK
|c SNK_HF
|y PREZ
|7 0
|p 17A1399399
|o snkID 98700/prív.1
|i snk2012/19426
|8 3
|0 0
|1 0
|4 0
|d 2022-04-07
|l 0
|r 2026-02-23 16:29:48
|w 2026-02-23
|